The Sciences an Integrated Approach (Record no. 4541)

MARC details
000 -LEADER
fixed length control field 00478nam a22001817a 4500
008 - FIXED-LENGTH DATA ELEMENTS--GENERAL INFORMATION
fixed length control field 260219b |||||||| |||| 00| 0 eng d
020 ## - INTERNATIONAL STANDARD BOOK NUMBER
ISBN 9781119845782
100 ## - MAIN ENTRY--AUTHOR
Author Trefil, James
245 ## - TITLE STATEMENT
Title The Sciences an Integrated Approach
250 ## - EDITION STATEMENT
Edition statement 9th
260 ## - PUBLICATION, DISTRIBUTION, ETC. (IMPRINT)
Place of publication USA
Name of publisher Wiley
Date of publication 2023
300 ## - COLLATION
Pagination xxxi,716p.
Other physical details illus
650 ## - TRACINGS
Main Subject integrated science
Subdivision (1st) science study and teaching
700 ## - ADDITIONAL AUTHOR
Additional Author Hazen, M. Robert
942 ## - ADDED ENTRY ELEMENTS (KOHA)
Item type Books
050 ## - LIBRARY OF CONGRESS CALL NUMBER
Classification number Q161.2
Item number .T74
Holdings
Source of classification or shelving scheme Not for loan Permanent location Current location Date acquired Accession No. Full call number Barcode. Copy number Koha item type
Library of Congress Classification   Samuel Ogbemudia Main Library, University of Abuja Samuel Ogbemudia Main Library, University of Abuja 02/19/2026 2025/69383 Q161.2 .T74 2026-0030 1 Books